000 01220nam a2200205Ia 4500
003 Ost
005 20260507075733.0
008 260507s9999||||xx |||||||||||||| ||und||
040 _cfsecg
041 _aara
082 _a330
100 _aعلي، عبد الوهاب نصر
_eمؤلف
245 0 _aمبادئ المحاسبة المالية وفقا لمعايير المحاسبة الدولية /
_c عبد الوهاب نصر علي
260 _aالإسكندرية:
_bالدار الجامعية,
_c2004
300 _a418 صفحة؛
_bإيضاحات ؛
_c24 سم
504 _aببليوغرافيا: ص.403
520 _aالمفاهيم الأساسية للمحاسبة المالية،المعادلة المحاسبية،تحليل وتسجيل معاملات المنشأة،مبدا المقابلة وقيود التسوية،ورقة العمل في المنشآت الإقتصادية الخدمية،المحاسبة عن معاملات المنشآت التجارية،المحاسبة عن الأوراق التجارية،أهم المصطلحات المحاسبية الخاصة بمبادئ المحاسبة المالية
653 _aالمحاسبة المالية
942 _cكتاب
999 _c46056
_d46056